000 00619nam a2200193Ia 4500
005 20250508150419.0
008 008 250505s9999 xx 000 0 eng d
037 _aTextual
040 _aFEDL
_beng
_cFEDL
041 _aeng
_2eng
084 _a923.7, DUG
_qFEDL
100 _aDuggan Stephen
_9135267
245 0 _aRescue of science and learning: The story of the emergency committee in aid of displaced foregin scholars
260 _aNew York, USA
_bThe Macmillan Company
_c1948
300 _axii,214p.
700 _a Drury Betty
_9756633
942 _cTEXL
_h923.7, DUG
999 _c1323513
_d1323513